| 000 | 00456nam a2200181Ia 4500 | ||
|---|---|---|---|
| 001 | 65680 | ||
| 008 | 150403s9999 xx 000 0 und d | ||
| 020 | _a | ||
| 040 | _cPK-LaUMT | ||
| 082 |
_a 891.4393 _bSHA-T |
||
| 100 | _aShabanah Yunus | ||
| 245 |
_aTum ko khabar honay tak (Urdu) _cShabanah Yunus |
||
| 260 |
_aLahore,Pakistan: _bMultiline Books, _c2001 |
||
| 300 | _a2401 p. | ||
| 546 | _aUR | ||
| 650 | _aPakistani literature-Urdu | ||
| 942 | _cBK | ||
| 999 |
_c68989 _d68989 |
||